Hợp tuyển thơ văn Việt Nam (1920 - 1945) T.5, Q.2

Αποθηκεύτηκε σε:
Λεπτομέρειες βιβλιογραφικής εγγραφής
Κύριος συγγραφέας: Nguyễn, Đăng Mạnh
Άλλοι συγγραφείς: Nguyễn, Hoành Khung
Μορφή: Βιβλίο
Γλώσσα:Undetermined
Έκδοση: H. Văn học 1994
Θέματα:
Διαθέσιμο Online:http://lrc.tdmu.edu.vn/opac/search/detail.asp?aID=2&ID=7002
Ετικέτες: Προσθήκη ετικέτας
Δεν υπάρχουν, Καταχωρήστε ετικέτα πρώτοι!
Thư viện lưu trữ: Trung tâm Học liệu Trường Đại học Thủ Dầu Một
LEADER 00732nam a2200229Ia 4500
001 TDMU_7002
008 210410s9999 xx 000 0 und d
082 |a 895.92213208 
090 |b NG527 
100 |a Nguyễn, Đăng Mạnh 
245 0 |a Hợp tuyển thơ văn Việt Nam (1920 - 1945) 
245 0 |c Nguyễn Đăng Mạnh 
245 0 |n T.5, Q.2 
245 0 |p Thơ Việt Nam (1930-1945) 
260 |a H. 
260 |b Văn học 
260 |c 1994 
300 |a 518tr 
650 |a Văn học hiện đại; Thơ 
700 |a Nguyễn, Hoành Khung 
856 |u http://lrc.tdmu.edu.vn/opac/search/detail.asp?aID=2&ID=7002 
980 |a Trung tâm Học liệu Trường Đại học Thủ Dầu Một